000 01194nam a2200277Ia 4500
003 OSt
005 20221005104242.0
006 a|||||r|||| 00| 0
007 ta
008 221004b |||||||| |||| 00| 0 hin d
020 _a9788123018218 (hbk)
_cINR 185.00
024 _a42180
037 _b321, 11/03/2019, Eastern Book Linkers
_cTextual
040 _aCRL
_cCRL
_bhin
041 _2hin
_ahin
082 _aO152,1N11x, N2
100 _aदास, रघुवीर सहाय - गोपाल, ले.
_9623771
245 0 _aअज्ञेय अपने बारे में
_b रेडियो - जीवनी
246 _aAjnyeya apane bāre mean: reḍiyo - jīvanī
260 _aदिल्ली
_bप्रकाशन विभाग सूचना और प्रसारण मंत्रालय भारत
_c2012
300 _a169पृ0
_ccm.
650 _a हिन्दी साहित्य
650 _aहिन्दी कविता
942 _hO152,1N11x, N2
_cTEXL
_2cc
999 _c1012158
_d1012158